| 000 | 00481nam a22001817a 4500 | ||
|---|---|---|---|
| 005 | 20180205165921.0 | ||
| 008 | 160429b xxu||||| |||| 00| 0 eng d | ||
| 020 | _a978-81-7319-702-4 | ||
| 041 | _aeng | ||
| 082 |
_b00836 _a005.1 |
||
| 100 |
_aJalote, Pankaj _9236 |
||
| 245 | _aAn Integrated Approach to Software Engineering | ||
| 250 | _a3rd ed. | ||
| 260 |
_aNew Delhi _bNarosa Publishing House, _c2008 |
||
| 300 | _a495 | ||
| 650 |
_aInformation Technology _9137 |
||
| 942 | _cBK | ||
| 999 |
_c273 _d273 |
||